000 00609nam a2200217Ia 4500
008 101110s9999 xx 000 0 und d
041 _aENGLISH
082 _bSR24596
100 _aRoger David f.
245 _aProgedural elements for computer graphics 2nd edition
260 _c2001
_bTata McGraw Hill, New Delhi
300 _a711
365 _b295
520 _aComputer
546 _aENGLISH
630 _aProgedural elements for computer graphics 2nd edition
650 _aComputer
655 _aComputer
730 _aProgedural elements for computer graphics 2nd edition
942 _cBOOK
999 _c817264
_d817261